[Event "Olimpiada Dresden 2008 Femenina"]
[Site "Dresden GER"]
[Date "2008.11.15"]
[Round "3.44"]
[White "Klimets, Elena"]
[Black "Muhtojzoda, Asila"]
[Result "1-0"]
[WhiteElo "2129"]
[BlackElo "1640"]
[PlyCount "133"]
[EventDate "2008.11.13"]
[EventType "team-tourn"]
[EventRounds "11"]
[EventCountry "GER"]
[Source "lmi"]
[SourceDate "2008.11.13"]
[WhiteTeam "Bielorusia"]
[BlackTeam "Tayikistán"]
[WhiteTeamCountry "BLR"]
[BlackTeamCountry "TJK"]

1. e4 e6 2. d4 d5 3. Nc3 Nf6 4. Bg5 Be7 5. e5 Nfd7 6. Bxe7 Qxe7 7. f4 a6 8. Nf3
c5 9. Qd2 Nc6 10. dxc5 Nxc5 11. Bd3 f6 12. exf6 Qxf6 13. O-O Nxd3 14. cxd3 O-O
15. g3 Bd7 16. Rae1 Rae8 17. Ne5 Nxe5 18. Rxe5 Qd8 19. Qe3 Rf5 20. Qc5 Rxe5 21.
fxe5 Rf8 22. Rxf8+ Qxf8 23. Qxf8+ Kxf8 24. Kf2 Ke7 25. Ke3 Kd8 26. h4 Be8 27.
Ne2 Bh5 28. Nf4 Bg4 29. Kd4 Kc7 30. Ng2 Bf3 31. Ne1 Bg4 32. Nc2 Bd1 33. Ne3 Bf3
34. Kc3 Kc6 35. Nc2 Bg4 36. Nd4+ Kc5 37. b4+ Kb6 38. Kd2 Kc7 39. Ke3 Kd7 40. a4
Bd1 41. a5 Bg4 42. Nb3 Kc6 43. Kf4 Bh5 44. Nd4+ Kd7 45. g4 Bg6 46. Ke3 Bf7 47.
Kd2 Ke7 48. Kc2 Be8 49. Kc3 Ba4 50. b5 Kd7 51. bxa6 bxa6 52. Kb4 Bd1 53. g5 Bg4
54. Nb3 Bf5 55. Nc5+ Kc6 56. d4 Bg4 57. Nxa6 Kb7 58. Nc5+ Kc6 59. Nd3 Bf5 60.
Nb2 Bc2 61. Na4 Bf5 62. a6 Bg4 63. Ka5 Kc7 64. Nc5 Kb8 65. Kb6 h5 66. a7+ Ka8
67. Na6 1-0

[Event "Olimpiada Dresden 2008 Femenina"]
[Site "Dresden GER"]
[Date "2008.11.15"]
[Round "3.45"]
[White "Lujan, Carolina"]
[Black "Caoili, Arianne"]
[Result "1/2-1/2"]
[WhiteElo "2366"]
[BlackElo "2170"]
[PlyCount "223"]
[EventDate "2008.11.13"]
[EventType "team-tourn"]
[EventRounds "11"]
[EventCountry "GER"]
[Source "lmi"]
[SourceDate "2008.11.13"]
[WhiteTeam "Argentina"]
[BlackTeam "Australia"]
[WhiteTeamCountry "ARG"]
[BlackTeamCountry "AUS"]

1. d4 Nf6 2. c4 g6 3. Nc3 d6 4. e4 Bg7 5. Nf3 O-O 6. Be2 e5 7. O-O Nc6 8. d5
Ne7 9. Bd2 Nh5 10. Rc1 h6 11. Re1 f5 12. exf5 Nxf5 13. g3 Nf6 14. Bd3 g5 15. c5
g4 16. Bxf5 gxf3 17. Be6+ Bxe6 18. dxe6 Qe8 19. Qxf3 Qxe6 20. Nb5 Nd5 21. Nd4
Qf7 22. Qxf7+ Rxf7 23. Ne6 Bh8 24. cxd6 cxd6 25. Red1 Re8 26. Be1 Nf4 27. Nc7
Rc8 28. gxf4 Rfxc7 29. Rxc7 Rxc7 30. Bc3 exf4 31. Bxh8 Kxh8 32. Kg2 Rc2 33.
Rxd6 Rxb2 34. Rxh6+ Kg7 35. Rd6 Rxa2 36. Rd7+ Kg6 37. Rxb7 Ra3 38. Rb5 a6 39.
Rc5 Kf6 40. h3 Kg6 41. h4 a5 42. Rg5+ Kf6 43. Rg8 Rb3 44. Rf8+ Ke5 45. h5 a4
46. Ra8 Kf5 47. Rxa4 Kg4 48. h6 Rb6 49. f3+ Kg5 50. Ra5+ Kxh6 51. Rf5 Rb4 52.
Kh3 Kg6 53. Kg4 Ra4 54. Rb5 Kf6 55. Rb6+ Kf7 56. Kf5 Rc4 57. Rb7+ Kf8 58. Rb6
Kf7 59. Rb7+ Kf8 60. Ke6 Rc3 61. Rf7+ Ke8 62. Rxf4 Rc6+ 63. Kf5 Ra6 64. Kg5 Ke7
65. Rf5 Rb6 66. f4 Ra6 67. Rb5 Kf7 68. Rb7+ Kf8 69. Kf5 Ke8 70. Rg7 Kf8 71. Rg6
Ra5+ 72. Kf6 Ra6+ 73. Kg5 Ra5+ 74. f5 Ra7 75. Rf6+ Kg8 76. Rg6+ Kf8 77. Rf6+
Kg8 78. Rb6 Kf8 79. Rh6 Kg8 80. Rc6 Kf8 81. Rd6 Rb7 82. Ra6 Rc7 83. Kg6 Rg7+
84. Kf6 Rf7+ 85. Ke5 Rb7 86. Kf6 Rf7+ 87. Kg5 Rb7 88. Rh6 Kg8 89. Kg6 Rg7+ 90.
Kf6 Ra7 91. Kg6 Rg7+ 92. Kf6 Ra7 93. Kg5 Rb7 94. Re6 Kf8 95. Rf6+ Kg8 96. Ra6
Kf8 97. Ra8+ Kg7 98. Re8 Kf7 99. Rh8 Rb6 100. Rh7+ Kf8 101. Ra7 Rc6 102. Kf4
Rb6 103. Kg5 Rc6 104. Rh7 Rb6 105. Rh6 Rxh6 106. Kxh6 Kf7 107. Kg5 Kg7 108. f6+
Kf7 109. Kf5 Kf8 110. Ke6 Ke8 111. f7+ Kf8 112. Kf6 1/2-1/2

[Event "Olimpiada Dresden 2008 Femenina"]
[Site "Dresden GER"]
[Date "2008.11.15"]
[Round "3.45"]
[White "Nguyen, Thu Giang"]
[Black "Zuriel, Marisa"]
[Result "1-0"]
[WhiteElo "2101"]
[BlackElo "2189"]
[PlyCount "56"]
[EventDate "2008.11.13"]
[EventType "team-tourn"]
[EventRounds "11"]
[EventCountry "GER"]
[Source "lmi"]
[SourceDate "2008.11.13"]
[WhiteTeam "Australia"]
[BlackTeam "Argentina"]
[WhiteTeamCountry "AUS"]
[BlackTeamCountry "ARG"]

1. e4 c5 2. Nf3 e6 3. d4 cxd4 4. Nxd4 Nc6 5. Nc3 Qc7 6. Be2 a6 7. O-O Nf6 8.
Be3 Be7 9. Kh1 O-O 10. f4 d6 11. a4 Re8 12. Nb3 b6 13. Bf3 Bb7 14. g4 d5 15. e5
Ne4 16. Ne2 f6 17. exf6 Bxf6 18. c3 Rad8 19. g5 Be7 20. Ned4 Nxd4 21. Nxd4 Bc5
22. Bg4 Bc8 23. Qe1 e5 24. Nf5 d4 25. Bg1 exf4 26. Qh4 Qc6 27. Rf3 Nd2 28. Nxd4
Bxd4 1-0

[Event "Olimpiada Dresden 2008 Femenina"]
[Site "Dresden GER"]
[Date "2008.11.15"]
[Round "3.45"]
[White "Plazaola, Maria De Los Angele"]
[Black "Dekic, Biljana N"]
[Result "0-1"]
[WhiteElo "2126"]
[BlackElo "2103"]
[PlyCount "59"]
[EventDate "2008.11.13"]
[EventType "team-tourn"]
[EventRounds "11"]
[EventCountry "GER"]
[Source "lmi"]
[SourceDate "2008.11.13"]
[WhiteTeam "Argentina"]
[BlackTeam "Australia"]
[WhiteTeamCountry "ARG"]
[BlackTeamCountry "AUS"]

1. Nf3 c5 2. c4 g6 3. Nc3 Bg7 4. g3 Nc6 5. Bg2 Nf6 6. O-O O-O 7. d4 cxd4 8.
Nxd4 Nxd4 9. Qxd4 d6 10. Qd3 Rb8 11. Be3 a6 12. Ba7 Ra8 13. Bd4 Rb8 14. Rfd1
Be6 15. b3 Nd7 16. Ba7 Ra8 17. Be3 Rb8 18. Rac1 Ne5 19. Qd2 Ng4 20. Ba7 Ra8 21.
Bd4 Rb8 22. Bxg7 Kxg7 23. Qb2 Kg8 24. c5 b6 25. cxd6 exd6 26. Qa3 a5 27. Rxd6
Qe7 28. Nd5 Qa7 29. Rc7 Qa6 30. Rxe6 0-1

[Event "Olimpiada Dresden 2008 Femenina"]
[Site "Dresden GER"]
[Date "2008.11.15"]
[Round "3.45"]
[White "Oliver, Shannon"]
[Black "Amed, Stephanie"]
[Result "1/2-1/2"]
[WhiteElo "1942"]
[BlackElo "2142"]
[PlyCount "82"]
[EventDate "2008.11.13"]
[EventType "team-tourn"]
[EventRounds "11"]
[EventCountry "GER"]
[Source "lmi"]
[SourceDate "2008.11.13"]
[WhiteTeam "Australia"]
[BlackTeam "Argentina"]
[WhiteTeamCountry "AUS"]
[BlackTeamCountry "ARG"]

1. e4 c5 2. Nf3 e6 3. d4 cxd4 4. Nxd4 Nc6 5. Be3 Nf6 6. Bd3 d5 7. Nxc6 bxc6 8.
exd5 cxd5 9. O-O Bd6 10. c4 dxc4 11. Qa4+ Bd7 12. Qxc4 Nd5 13. Bd2 Rc8 14. Qd4
O-O 15. Nc3 Bc5 16. Qe4 f5 17. Qe2 Nb4 18. Bc4 Kh8 19. Rac1 Nc6 20. Ba6 Rb8 21.
Na4 Bd4 22. b3 Qe7 23. Rfd1 e5 24. Bc3 Qf6 25. Bb5 Bxc3 26. Bxc6 Bxc6 27. Nxc3
Rbc8 28. b4 Qg5 29. Qf1 Bb7 30. a4 Rc4 31. Na2 Bxg2 32. Qxg2 Rg4 33. Qxg4 Qxg4+
34. Kf1 f4 35. Ke1 f3 36. Kd2 Qd4+ 37. Kc2 Qxf2+ 38. Rd2 Qe3 39. Rd3 Qe2+ 40.
Rd2 Rc8+ 41. Kb3 Ra8 1/2-1/2

[Event "Olimpiada Dresden 2008 Femenina"]
[Site "Dresden GER"]
[Date "2008.11.15"]
[Round "3.46"]
[White "Sergeeva, Maria"]
[Black "Nakagawa, Emiko"]
[Result "1-0"]
[WhiteElo "2325"]
[BlackElo "1860"]
[PlyCount "106"]
[EventDate "2008.11.13"]
[EventType "team-tourn"]
[EventRounds "11"]
[EventCountry "GER"]
[Source "lmi"]
[SourceDate "2008.11.13"]
[WhiteTeam "Kazajstán"]
[BlackTeam "Japón"]
[WhiteTeamCountry "KAZ"]
[BlackTeamCountry "JPN"]

1. d4 d5 2. c4 c6 3. cxd5 cxd5 4. Nf3 Nc6 5. Nc3 Nf6 6. Bf4 Bf5 7. e3 e6 8. Bb5
Nd7 9. Qa4 Rc8 10. O-O a6 11. Bxc6 Rxc6 12. Rfc1 Rc4 13. Qd1 Bb4 14. Nd2 Rc6
15. Ne2 O-O 16. a3 Be7 17. b4 a5 18. Qa4 axb4 19. axb4 Qb6 20. b5 Rxc1+ 21.
Nxc1 Rc8 22. Ndb3 g5 23. Bg3 h5 24. h3 h4 25. Bh2 Kg7 26. Qa5 Bd8 27. Qxb6 Bxb6
28. Bd6 f6 29. Kf1 Kf7 30. Ke1 e5 31. dxe5 fxe5 32. Ra2 Be4 33. f3 Bc2 34. Ke2
Rc3 35. Kd2 Rxb3 36. Kxc2 Rxb5 37. e4 Ke6 38. Ba3 Nf6 39. exd5+ Nxd5 40. Nd3
Ne3+ 41. Kd2 Nxg2 42. Rb2 Rxb2+ 43. Bxb2 Nf4 44. Nxf4+ gxf4 45. Kd3 Kd5 46. Bc3
Bc5 47. Be1 Be7 48. Bd2 b5 49. Be1 b4 50. Bf2 b3 51. Kc3 e4 52. fxe4+ Kxe4 53.
Kxb3 Ke5 1-0

[Event "Olimpiada Dresden 2008 Femenina"]
[Site "Dresden GER"]
[Date "2008.11.15"]
[Round "3.46"]
[White "Uchida, Narumi"]
[Black "Nakhbayeva, Guliskhan"]
[Result "0-1"]
[WhiteElo "1822"]
[BlackElo "2201"]
[PlyCount "70"]
[EventDate "2008.11.13"]
[EventType "team-tourn"]
[EventRounds "11"]
[EventCountry "GER"]
[Source "lmi"]
[SourceDate "2008.11.13"]
[WhiteTeam "Japón"]
[BlackTeam "Kazajstán"]
[WhiteTeamCountry "JPN"]
[BlackTeamCountry "KAZ"]

1. e4 c5 2. Nf3 d6 3. d4 cxd4 4. Nxd4 Nf6 5. Nc3 a6 6. Bg5 Nc6 7. Bxf6 gxf6 8.
Nxc6 bxc6 9. Qh5 e6 10. Bc4 Rb8 11. O-O Rb4 12. Bb3 Rg8 13. f4 Rd4 14. f5 Rd2
15. g3 Rg5 16. Qxh7 Rg7 17. Qh5 Rg5 18. Qf3 Qb6+ 19. Kh1 exf5 20. Rae1 Be7 21.
h4 Rg7 22. exf5 d5 23. Qf4 Rd4 24. Qe3 Qb4 25. Re2 Rdg4 26. Rfe1 Be6 27. fxe6
Rxg3 28. exf7+ Kf8 29. Qe6 R7g4 30. Qc8+ Kg7 31. Qg8+ Kh6 32. Qh8+ Kg6 33. Rh2
Qf4 34. Qg8+ Kf5 35. Qh7+ Rg6 0-1

[Event "Olimpiada Dresden 2008 Femenina"]
[Site "Dresden GER"]
[Date "2008.11.15"]
[Round "3.47"]
[White "Mudongo, Boikhutso"]
[Black "Paridar, Shadi"]
[Result "0-1"]
[WhiteElo "1917"]
[BlackElo "2248"]
[PlyCount "102"]
[EventDate "2008.11.13"]
[EventType "team-tourn"]
[EventRounds "11"]
[EventCountry "GER"]
[Source "lmi"]
[SourceDate "2008.11.13"]
[WhiteTeam "Botswana"]
[BlackTeam "Irán"]
[WhiteTeamCountry "BOT"]
[BlackTeamCountry "IRI"]

1. e4 e6 2. Nf3 d5 3. e5 b6 4. c3 Qd7 5. b4 Ba6 6. Bxa6 Nxa6 7. O-O Ne7 8. a4
Ng6 9. Qe2 Nb8 10. a5 b5 11. d4 a6 12. Ne1 h5 13. Nd3 Be7 14. Nd2 Nh4 15. Nb3
Nf5 16. g3 Qc6 17. Nbc5 g5 18. h3 Nd7 19. Kg2 O-O-O 20. Bd2 Rdg8 21. Rh1 Kb8
22. Rag1 Ka7 23. Kf1 Nxc5 24. bxc5 Qe8 25. Qd1 c6 26. Ke2 Bd8 27. Qa1 Qf8 28.
Qa2 Qg7 29. Ra1 Bc7 30. Qc2 f6 31. Rhe1 fxe5 32. dxe5 Ne7 33. Kf1 Rf8 34. Kg1
Rf5 35. Be3 Ng6 36. Bd4 Rhf8 37. Re2 h4 38. Rae1 Rf3 39. Kh2 Qh7 40. Nb4 hxg3+
41. fxg3 Rh8 42. Kg2 Rxg3+ 43. Kxg3 Qxh3+ 44. Kf2 Rf8+ 45. Kg1 Qg3+ 46. Kh1
Rh8+ 47. Rh2 Qxe1+ 48. Bg1 Rxh2+ 49. Qxh2 Qe4+ 50. Qg2 Qxg2+ 51. Kxg2 Kb7 0-1

[Event "Olimpiada Dresden 2008 Femenina"]
[Site "Dresden GER"]
[Date "2008.11.15"]
[Round "3.50"]
[White "Lim, Hakyung"]
[Black "Cramling, Pia"]
[Result "0-1"]
[WhiteElo "1566"]
[BlackElo "2550"]
[PlyCount "64"]
[EventDate "2008.11.13"]
[EventType "team-tourn"]
[EventRounds "11"]
[EventCountry "GER"]
[Source "lmi"]
[SourceDate "2008.11.13"]
[WhiteTeam "Corea"]
[BlackTeam "Suecia"]
[WhiteTeamCountry "KOR"]
[BlackTeamCountry "SWE"]

1. d4 d5 2. c4 c6 3. Nf3 Nf6 4. Nc3 a6 5. c5 g6 6. Bf4 Bg7 7. e3 Bf5 8. h3 Nbd7
9. Be2 Be4 10. O-O Bxf3 11. Bxf3 O-O 12. Qc2 Re8 13. Rad1 e5 14. dxe5 Nxe5 15.
Bxe5 Rxe5 16. e4 d4 17. Qa4 Qe7 18. Rxd4 Qxc5 19. Rfd1 Rae8 20. a3 h5 21. Qb3
R5e7 22. Rd6 Kh8 23. Rd8 Kh7 24. g3 Rxd8 25. Rxd8 Nd7 26. Ne2 Qa5 27. Rc8 Ne5
28. Kg2 Rd7 29. Nf4 Qe1 30. Be2 g5 31. Bxh5 gxf4 32. gxf4 Qxe4+ 0-1

[Event "Olimpiada Dresden 2008 Femenina"]
[Site "Dresden GER"]
[Date "2008.11.16"]
[Round "4.1"]
[White "Dzagnidze, Nana"]
[Black "Vajda, Szidonia"]
[Result "0-1"]
[WhiteElo "2503"]
[BlackElo "2380"]
[PlyCount "115"]
[EventDate "2008.11.13"]
[EventType "team-tourn"]
[EventRounds "11"]
[EventCountry "GER"]
[Source "lmi"]
[SourceDate "2008.11.13"]
[WhiteTeam "Georgia"]
[BlackTeam "Hungría"]
[WhiteTeamCountry "GEO"]
[BlackTeamCountry "HUN"]

1. e4 e5 2. Nf3 Nc6 3. Bb5 Nf6 4. O-O Bc5 5. c3 O-O 6. d4 Bb6 7. dxe5 Nxe4 8.
Qd5 Nc5 9. Na3 a6 10. Be2 Ne7 11. Qd1 Ba7 12. Nc4 b5 13. Na5 Bb6 14. Be3 Rb8
15. Qc2 Nd5 16. Bxc5 Bxc5 17. Rad1 c6 18. Nb3 Be7 19. c4 bxc4 20. Bxc4 d6 21.
Bxd5 cxd5 22. Rxd5 Bb7 23. Rd4 Bxf3 24. gxf3 Qb6 25. f4 dxe5 26. fxe5 Rfc8 27.
Qe4 Qg6+ 28. Qxg6 hxg6 29. Rfd1 Rb5 30. Rd5 Rcb8 31. Kg2 g5 32. Kf3 g6 33. Rxb5
Rxb5 34. Ke4 f6 35. Rd5 Rb4+ 36. Rd4 Rb5 37. Rd5 Rb4+ 38. Rd4 Rb5 39. exf6 Bxf6
40. Rd6 Kf7 41. Rxa6 Bxb2 42. Ra5 Rb4+ 43. Kd5 Rf4 44. Ra7+ Kf6 45. Nc5 Rf5+
46. Kc4 Rf4+ 47. Kd5 Rf5+ 48. Kc6 Bd4 49. Ne4+ Ke5 50. Re7+ Kf4 51. Nd2 Rf6+
52. Kd5 Bxf2 53. Re4+ Kf5 54. Re5+ Kf4 55. Ne4 Ra6 56. Nxf2 Ra5+ 57. Kd6 Ra6+
58. Kd5 0-1

[Event "Olimpiada Dresden 2008 Femenina"]
[Site "Dresden GER"]
[Date "2008.11.16"]
[Round "4.1"]
[White "Madl, Ildiko"]
[Black "Javakhishvili, Lela"]
[Result "1/2-1/2"]
[WhiteElo "2376"]
[BlackElo "2473"]
[PlyCount "79"]
[EventDate "2008.11.13"]
[EventType "team-tourn"]
[EventRounds "11"]
[EventCountry "GER"]
[Source "lmi"]
[SourceDate "2008.11.13"]
[WhiteTeam "Hungría"]
[BlackTeam "Georgia"]
[WhiteTeamCountry "HUN"]
[BlackTeamCountry "GEO"]

1. e4 c5 2. Nf3 Nc6 3. Bb5 e6 4. O-O Nge7 5. Re1 Ng6 6. c3 a6 7. Bf1 Be7 8. d4
cxd4 9. cxd4 d5 10. e5 O-O 11. Nc3 f6 12. exf6 Bxf6 13. Be3 b5 14. Qd2 Bd7 15.
Rac1 Na5 16. b3 Nc6 17. Bd3 Nge7 18. Bg5 Qb6 19. Bb1 Nxd4 20. Ne5 Be8 21. Bxf6
gxf6 22. Ng4 Bg6 23. Bxg6 hxg6 24. Qe3 Ra7 25. Rcd1 Nef5 26. Nh6+ Nxh6 27. Qxh6
g5 28. Qg6+ Rg7 29. Qd3 Rc8 30. Nxd5 exd5 31. Qxd4 Qxd4 32. Rxd4 Rc2 33. a4 Re7
34. Kf1 Rb7 35. Re2 Rc1+ 36. Re1 Rc2 37. Re2 Rc1+ 38. Re1 Rc2 39. Re2 Rc1+ 40.
Re1 1/2-1/2

[Event "Olimpiada Dresden 2008 Femenina"]
[Site "Dresden GER"]
[Date "2008.11.16"]
[Round "4.1"]
[White "Lomineishvili, Maia"]
[Black "Rudolf, Anna"]
[Result "1-0"]
[WhiteElo "2437"]
[BlackElo "2318"]
[PlyCount "81"]
[EventDate "2008.11.13"]
[EventType "team-tourn"]
[EventRounds "11"]
[EventCountry "GER"]
[Source "lmi"]
[SourceDate "2008.11.13"]
[WhiteTeam "Georgia"]
[BlackTeam "Hungría"]
[WhiteTeamCountry "GEO"]
[BlackTeamCountry "HUN"]

1. d4 e6 2. c4 Nf6 3. Nf3 d5 4. Nc3 dxc4 5. Bg5 Bb4 6. a3 Bxc3+ 7. bxc3 Qd5 8.
Bxf6 gxf6 9. Nd2 f5 10. e4 fxe4 11. Bxc4 Qf5 12. Qe2 b6 13. O-O Bb7 14. f3 e3
15. Qxe3 Nd7 16. a4 a5 17. Bd3 Qh5 18. Rab1 O-O-O 19. Be4 Nf6 20. Bxb7+ Kxb7
21. c4 Rhg8 22. Ne4 Qg6 23. Rb2 Kc8 24. Rfb1 Nxe4 25. fxe4 Qg5 26. Qf2 Qg4 27.
Re1 f5 28. c5 bxc5 29. d5 exd5 30. Qxc5 dxe4 31. Rc2 Rd7 32. Qxa5 Kd8 33. Qe5
Qg7 34. Qxf5 Qd4+ 35. Kh1 e3 36. a5 Re8 37. a6 Qd1 38. Rc1 e2 39. a7 Qa4 40.
Qf6+ Kc8 41. Ra1 1-0

[Event "Olimpiada Dresden 2008 Femenina"]
[Site "Dresden GER"]
[Date "2008.11.16"]
[Round "4.2"]
[White "Harika, Dronavalli"]
[Black "Paehtz, Elisabeth"]
[Result "1/2-1/2"]
[WhiteElo "2462"]
[BlackElo "2471"]
[PlyCount "87"]
[EventDate "2008.11.13"]
[EventType "team-tourn"]
[EventRounds "11"]
[EventCountry "GER"]
[Source "lmi"]
[SourceDate "2008.11.13"]
[WhiteTeam "India"]
[BlackTeam "Alemania"]
[WhiteTeamCountry "IND"]
[BlackTeamCountry "GER"]

1. e4 e5 2. Nf3 Nc6 3. Bb5 Nf6 4. O-O Nxe4 5. d4 Nd6 6. Bxc6 dxc6 7. dxe5 Nf5
8. Qxd8+ Kxd8 9. Nc3 Ne7 10. h3 Ng6 11. b3 a5 12. Bb2 Nf4 13. Rad1+ Ke8 14. a4
Bf5 15. Nd4 Bg6 16. g3 Ne6 17. Nce2 Nxd4 18. Nxd4 Bc5 19. Rd2 Rd8 20. Rfd1 Bb4
21. c3 Bc5 22. g4 h5 23. f3 hxg4 24. hxg4 Be7 25. Bc1 Rd5 26. Re1 Bg5 27. Rde2
Bh4 28. Rh2 Rh7 29. Rf1 Rxe5 30. Bf4 Rd5 31. Bxc7 Kd7 32. Bb6 Bf6 33. f4 Rxh2
34. Kxh2 c5 35. f5 cxd4 36. fxg6 dxc3 37. gxf7 Ke7 38. Be3 Kf8 39. Kg2 c2 40.
Bc1 Be7 41. Rf2 Rc5 42. Kf3 Kxf7 43. Ke4+ Kg6 44. Kd4 1/2-1/2

[Event "Olimpiada Dresden 2008 Femenina"]
[Site "Dresden GER"]
[Date "2008.11.16"]
[Round "4.2"]
[White "Swathi, Ghate"]
[Black "Michna, Marta"]
[Result "1/2-1/2"]
[WhiteElo "2320"]
[BlackElo "2399"]
[PlyCount "109"]
[EventDate "2008.11.13"]
[EventType "team-tourn"]
[EventRounds "11"]
[EventCountry "GER"]
[Source "lmi"]
[SourceDate "2008.11.13"]
[WhiteTeam "India"]
[BlackTeam "Alemania"]
[WhiteTeamCountry "IND"]
[BlackTeamCountry "GER"]

1. d4 d5 2. c4 c6 3. Nf3 Nf6 4. Nc3 dxc4 5. a4 e6 6. e3 c5 7. Bxc4 Nc6 8. O-O
cxd4 9. exd4 Be7 10. Bf4 O-O 11. Rc1 Nb4 12. Ne5 Nfd5 13. Be3 Bf6 14. Bd2 Nc6
15. Nxd5 exd5 16. Nxc6 bxc6 17. Bd3 Bd7 18. Bb4 Be7 19. Bxe7 Qxe7 20. Rc5 Qg5
21. b4 Rab8 22. b5 cxb5 23. axb5 Rb6 24. Qf3 Rfb8 25. Rxd5 Qe7 26. Rc1 Be8 27.
Re5 Qd8 28. Qe4 g6 29. Rcc5 Rd6 30. h4 Bd7 31. Qf4 Rbb6 32. Bc4 Rf6 33. Qg5 Kg7
34. Bf1 h6 35. Qe3 Rfd6 36. g3 Be6 37. d5 Bxd5 38. Re8 Qf6 39. Rcc8 Be6 40. Rh8
Qf5 41. Qxh6+ Kf6 42. Rhe8 Qh5 43. Qf4+ Qf5 44. Qh6 Qh5 45. Qc1 Qd5 46. Rc7 Bd7
47. Rd8 Ke7 48. Rg8 Qd4 49. Qa3 Kf6 50. Qf3+ Bf5 51. h5 Qd1 52. Qc3+ Qd4 53.
Qxd4+ Rxd4 54. h6 g5 55. Rf8 1/2-1/2

[Event "Olimpiada Dresden 2008 Femenina"]
[Site "Dresden GER"]
[Date "2008.11.16"]
[Round "4.3"]
[White "Shen, Yang"]
[Black "Aginian, Nelly"]
[Result "1-0"]
[WhiteElo "2450"]
[BlackElo "2325"]
[PlyCount "66"]
[EventDate "2008.11.13"]
[EventType "team-tourn"]
[EventRounds "11"]
[EventCountry "GER"]
[Source "lmi"]
[SourceDate "2008.11.13"]
[WhiteTeam "China"]
[BlackTeam "Armenia"]
[WhiteTeamCountry "CHN"]
[BlackTeamCountry "ARM"]

1. Nf3 Nf6 2. c4 g6 3. Nc3 d5 4. cxd5 Nxd5 5. Qa4+ Bd7 6. Qh4 Bc6 7. Qd4 Rg8 8.
Ne5 e6 9. Nxc6 Nxc6 10. Qa4 Qd7 11. e3 O-O-O 12. Be2 Ndb4 13. O-O Nd3 14. b4
Kb8 15. b5 Nce5 16. f4 Nxc1 17. Raxc1 Nd3 18. Bxd3 Qxd3 19. Ne4 f5 20. Ng5 Qxd2
21. Nf7 Rd5 22. b6 axb6 23. Qe8+ Ka7 24. Nh6 Ba3 25. Nxg8 Qxe3+ 26. Kh1 Bxc1
27. Ne7 Qxf4 28. Rg1 Ba3 29. Nxd5 exd5 30. Qd7 Bd6 31. Qxh7 d4 32. g3 Qe4+ 33.
Rg2 d3 1-0

[Event "Olimpiada Dresden 2008 Femenina"]
[Site "Dresden GER"]
[Date "2008.11.16"]
[Round "4.3"]
[White "Galojan, Lilit"]
[Black "Tan, Zhongyi"]
[Result "0-1"]
[WhiteElo "2305"]
[BlackElo "2395"]
[PlyCount "144"]
[EventDate "2008.11.13"]
[EventType "team-tourn"]
[EventRounds "11"]
[EventCountry "GER"]
[Source "lmi"]
[SourceDate "2008.11.13"]
[WhiteTeam "Armenia"]
[BlackTeam "China"]
[WhiteTeamCountry "ARM"]
[BlackTeamCountry "CHN"]

1. e4 e5 2. Nf3 Nc6 3. Bb5 Nf6 4. O-O Nxe4 5. Qe2 Nd6 6. Bxc6 dxc6 7. Qxe5+ Qe7
8. Qa5 Qd8 9. Qc3 Be6 10. Re1 Nb5 11. Qe3 Qd5 12. Nc3 Nxc3 13. bxc3 Bc5 14. d4
Bd6 15. Ng5 O-O 16. c4 Qf5 17. c5 Be7 18. Nxe6 fxe6 19. Qxe6+ Qxe6 20. Rxe6 Bf6
21. c3 Rfe8 22. Rxe8+ Rxe8 23. Kf1 b6 24. Ba3 Kf7 25. Re1 Rb8 26. f4 g6 27. Kf2
h5 28. Kf3 Rd8 29. g3 Ra8 30. h3 Be7 31. Re5 Bf6 32. Re3 Be7 33. f5 gxf5 34.
Kf4 Bf6 35. Kxf5 Rd8 36. h4 Rd7 37. Rf3 Rd5+ 38. Ke4 Rd8 39. Bc1 Re8+ 40. Kd3
Kg6 41. cxb6 cxb6 42. Re3 Rg8 43. Ba3 Kf5 44. Bd6 b5 45. Kc2 Rg4 46. Kd3 Rg8
47. Re2 a6 48. Re1 Rg6 49. Bc7 Rg8 50. c4 Rg4 51. Be5 Bxe5 52. Rxe5+ Kg6 53.
Re3 Kf6 54. c5 a5 55. a4 bxa4 56. Kc4 Kf7 57. Ra3 Ke6 58. Rxa4 Rxg3 59. Rxa5
Rg1 60. Ra7 Rc1+ 61. Kd3 Rd1+ 62. Kc3 Rc1+ 63. Kd2 Rh1 64. Kd3 Rd1+ 65. Ke3
Re1+ 66. Kd2 Rh1 67. Rc7 Kd5 68. Rd7+ Kc4 69. Ke3 Rxh4 70. Rd6 Rg4 71. Rxc6
Rxd4 72. Rd6 Rd5 0-1

[Event "Olimpiada Dresden 2008 Femenina"]
[Site "Dresden GER"]
[Date "2008.11.16"]
[Round "4.4"]
[White "Maric, Alisa"]
[Black "Socko, Monika"]
[Result "1/2-1/2"]
[WhiteElo "2405"]
[BlackElo "2434"]
[PlyCount "69"]
[EventDate "2008.11.13"]
[EventType "team-tourn"]
[EventRounds "11"]
[EventCountry "GER"]
[Source "lmi"]
[SourceDate "2008.11.13"]
[WhiteTeam "SRB"]
[BlackTeam "Polonia"]
[BlackTeamCountry "POL"]

1. Nf3 d5 2. d4 Nf6 3. c4 c6 4. Nc3 a6 5. e3 b5 6. b3 Bg4 7. Be2 Nbd7 8. h3 Bf5
9. g4 Bg6 10. Ne5 Nxe5 11. dxe5 Ne4 12. Nxe4 Bxe4 13. f3 Bg6 14. cxd5 cxd5 15.
a4 b4 16. e6 Qd6 17. f4 Be4 18. exf7+ Kxf7 19. Bf3 Bxf3 20. Qxf3 g6 21. f5 Bg7
22. Ra2 Bc3+ 23. Bd2 Rhf8 24. O-O Kg8 25. Qf4 e5 26. Qh6 Rad8 27. e4 dxe4 28.
Bg5 Rd7 29. Kg2 e3 30. Bxe3 Qd5+ 31. Kh2 e4 32. Raf2 Bg7 33. Qg5 Bf6 34. Qh6
Bg7 35. Qg5 1/2-1/2

[Event "Olimpiada Dresden 2008 Femenina"]
[Site "Dresden GER"]
[Date "2008.11.16"]
[Round "4.4"]
[White "Rajlich, Iweta"]
[Black "Bojkovic, Natasa"]
[Result "1-0"]
[WhiteElo "2404"]
[BlackElo "2420"]
[PlyCount "165"]
[EventDate "2008.11.13"]
[EventType "team-tourn"]
[EventRounds "11"]
[EventCountry "GER"]
[Source "lmi"]
[SourceDate "2008.11.13"]
[WhiteTeam "Polonia"]
[BlackTeam "SRB"]
[WhiteTeamCountry "POL"]

1. d4 Nf6 2. c4 e6 3. Nc3 Bb4 4. Qc2 O-O 5. Nf3 c5 6. dxc5 Na6 7. g3 Nxc5 8.
Bg2 b6 9. O-O Bxc3 10. Qxc3 Bb7 11. Rd1 Rc8 12. Be3 d5 13. Rac1 Qe7 14. Qa3 a5
15. Ne5 Rfd8 16. cxd5 exd5 17. Nf3 Nfe4 18. Bh3 Ra8 19. Nd4 Nd6 20. b3 Qf6 21.
Rc2 h6 22. Qc1 Re8 23. Nf3 Nf5 24. Bxc5 bxc5 25. Qf4 Nd6 26. Qxf6 gxf6 27. Nh4
a4 28. Bg2 axb3 29. axb3 d4 30. Rxc5 Rxe2 31. Bxb7 Nxb7 32. Rc6 Raa2 33. Rxf6
Nc5 34. Rxd4 Ne4 35. Rxh6 Re1+ 36. Kg2 Rxf2+ 37. Kh3 Ng5+ 38. Kg4 Ne6 39. Rc4
Kg7 40. Rh5 Kf6 41. Rf5+ Rxf5 42. Nxf5 Rb1 43. b4 Ke5 44. Ne7 Rf1 45. Nc6+ Kd5
46. Rc2 f5+ 47. Kh3 Rb1 48. Ne7+ Ke5 49. Re2+ Kf6 50. Nd5+ Kf7 51. Rf2 Ng7 52.
Ra2 Ne6 53. Ra7+ Kg6 54. Ra6 Kf7 55. Kh4 Rb2 56. h3 Rb3 57. Ra7+ Kg6 58. Ra6
Kf7 59. Rb6 Nd4 60. g4 fxg4 61. hxg4 Rb1 62. Rf6+ Kg7 63. Rd6 Nf3+ 64. Kg3 Ne5
65. Kf4 Nd3+ 66. Kg5 Ne5 67. Kf5 Nf7 68. Rg6+ Kf8 69. Rb6 Kg7 70. Rb7 Kf8 71.
Rb8+ Kg7 72. Rb7 Kf8 73. Ra7 Re1 74. Kf4 Rd1 75. Ra5 Rd4+ 76. Kf5 Rd1 77. Nf4
Rb1 78. Ra8+ Ke7 79. Ra7+ Ke8 80. Nd5 Rf1+ 81. Ke4 Nd6+ 82. Ke5 Nb5 83. Ke4 1-0